Statistics for Most Friendly Biking States in the U.S.

Click here to take the quiz!

General Stats

  • This quiz has been taken 23 times
  • The average score is 7 of 10

Answer Stats

HintAnswer% Correct
#4California
95%
#3Washington
91%
#2Oregon
82%
#6Colorado
77%
#8Florida
73%
#9Delaware
68%
#10Utah
68%
#1Massachusetts
64%
#7Virginia
64%
#5Minnesota
41%

Score Distribution

Percentile by Number Answered

Percent of People with Each Score

Your Score History

You have not taken this quiz